000 00736nam a2200193 a 4500
008 200622s2018 ||||||||||||||||| || u
020 _a9780521437806
050 _aJC 153. H521 Hob
100 _aSilverthorne, Michael
245 1 0 _aHobbes on the citizen
_cBy Richard Tuck, Michael Silverthorne
260 _aCambridge
_bCambridge University Press
_c2018
300 _alii, 250 pages
490 _aCambridge texts in the history of political thought
650 0 _aPOLITICAL SCIENCE
650 _aNATURAL LAW
650 _aAUTHORITY
700 _aTuck, Richard
995 _D37.14
_FCBU-MAIN LIBRARY (Kitwe)
_M1
_UAVAILABLE
_WJul 1, 2020
_ZMain Library Open Access Collection
999 _c45644
_d45644